000 00620nas a2200217 4500
001 BR9506577
003 BR-BrBNA
005 20231205094219.0
007 ta
008 230509b bl.|||p| |||| 00| 00por d
040 _aBR-BrBNA
_bpor
_cBiblioteca Nacional de Agricultura
041 _a(Pt)
072 _aF06
100 1 _aDuarte, E.F.
245 1 _aImpermeabilizacao de canais em terra com solucao de soda caustica
650 _aIrrigacao
650 _aCanal
773 0 _tAgronomia (Brazil)
_x
_g(Jul-Dec 1961), v. 19(3-4) p. 5-13
_wBR9506577
909 _a202311
_bLúcia
_c55
_dLúcia Elande
942 _2AGRIS
_n0
_cANA
999 _c142816
_d142816